| 000 | 00639nam a22001817a 4500 | ||
|---|---|---|---|
| 082 |
_a891.4393 _bHAL |
||
| 100 | _aAltaf Hussain Hali | ||
| 245 | _aMuqaddama-e-She’r-o-Shaairi/ | ||
| 260 |
_aLahore: _bAl Hamd Publications, _c2018 |
||
| 300 |
_a359 p. _c22cm. |
||
| 563 | _aHB. | ||
| 650 |
_aUrdu Literature - Poetry - Critics. _9129766 |
||
| 700 |
_aDr. Waheed Qureeshi / ڈاکڑ وحید قریشی _9129767 |
||
| 880 |
_6100-01\(3\r _a الطاف حسین حالی |
||
| 880 |
_6245-02\(03\r _aمقدمہ شعرو شاعری |
||
| 880 |
_6260-03\(03\r _aلاہور: _b الحمدپبلیکیشنز _c2018 |
||
| 942 |
_2ddc _cBK |
||
| 999 |
_c614310 _d614310 |
||